| 000 | 01597nam a2200373 i 4500 | ||
|---|---|---|---|
| 001 | 60704 | ||
| 003 | CO-BoRNBP | ||
| 005 | 20260317153457.0 | ||
| 007 | ta | ||
| 008 | 210722r20202016ck a cr 000 f spa d | ||
| 020 | _a9789589002346 | ||
| 040 |
_aCO-BoRNBP _bspa _erda _cCO-BoRNBP |
||
| 041 | 0 | _aspa | |
| 043 | _as-ck--- | ||
| 084 | _aN | ||
| 100 | 1 |
_aReyes, Yolanda, _d1959- , _eaut |
|
| 245 | 1 | 4 |
_aLos agujeros negros / _cYolanda Reyes ; ilustraciones de Daniel Rabanal. |
| 250 |
_aPrimera edición. _bNovena reimpresión |
||
| 264 | 1 |
_aBogotá, Colombia : _bEdiciones Loqueleo, _c2016, _c2020. |
|
| 300 |
_a66 páginas : _bilustraciones a color ; _c20 cm. |
||
| 336 |
_atexto _btxt _2rdacontent |
||
| 337 |
_asin mediación _bn _2rdamedia |
||
| 338 |
_avolumen _bnc _2rdacarrier |
||
| 490 | 0 | _aNarrativa | |
| 500 | _aEl material correspondiente a la dotación PNLB 2022, la fecha es de la novena reimpresión es 2020, de la primera edición de 2016. | ||
| 520 | 3 | _aPor las noches, Juan tiene miedo. Intenta reconstruir los agujeros negros que no lo dejan dormir desde que vio a sus padres por última vez. Su abuela no quiere hablar para protegerlo, pero él necesita conocer la verdad. (Tomado de la fuente). | |
| 521 | 1 | _aRecomendado para un público infantil mayor de 10 años. | |
| 650 | 1 | 7 |
_aNovela infantil colombiana _2rnbp |
| 650 | 1 | 7 |
_aLiteratura infantil colombiana _2rnbp _934 |
| 650 | 1 | 7 |
_aNiños y muerte en la literatura _2rnbp _969472 |
| 650 | 1 | 7 |
_aNiños y violencia en la literatura _2rnbp _969465 |
| 700 | 1 |
_aRabanal, Daniel, _d1949- , _eill |
|
| 942 |
_2loc _cBKLITI _n0 |
||
| 999 |
_c60704 _d60704 |
||